The drama of Ephesians : (Record no. 20854)

MARC details
000 -LEADER
fixed length control field 02107cam a2200385 a 4500
001 - CONTROL NUMBER
control field 16224988
003 - CONTROL NUMBER IDENTIFIER
control field OSt
005 - DATE AND TIME OF LATEST TRANSACTION
control field 20251202160536.0
008 - FIXED-LENGTH DATA ELEMENTS--GENERAL INFORMATION
fixed length control field 100510s2010 ilu b 001 0 eng
010 ## - LIBRARY OF CONGRESS CONTROL NUMBER
LC control number 2010019864
020 ## - INTERNATIONAL STANDARD BOOK NUMBER
International Standard Book Number 9780830827206
Qualifying information pbk. : alk. paper
020 ## - INTERNATIONAL STANDARD BOOK NUMBER
International Standard Book Number 083082720X
Qualifying information pbk. : alk. paper
035 ## - SYSTEM CONTROL NUMBER
System control number 16224988
035 ## - SYSTEM CONTROL NUMBER
System control number (OCoLC)620836914
040 ## - CATALOGING SOURCE
Original cataloging agency DLC
Transcribing agency DLC
Modifying agency YDX
-- DTM
-- YDXCP
-- BTA
-- CDX
-- SGB
-- ITC
-- DLC
050 00 - LIBRARY OF CONGRESS CALL NUMBER
Classification number BS2695.52
Item number .G66 2010
082 00 - DEWEY DECIMAL CLASSIFICATION NUMBER
Classification number 227/.5066
Edition number 22
100 1# - MAIN ENTRY--PERSONAL NAME
Personal name Gombis, Timothy G.,
Dates associated with a name 1972-
245 14 - TITLE STATEMENT
Title The drama of Ephesians :
Remainder of title participating in the triumph of God /
Statement of responsibility, etc. Timothy G. Gombis.
260 ## - PUBLICATION, DISTRIBUTION, ETC. (IMPRINT)
Place of publication, distribution, etc. Downers Grove, Ill. :
Name of publisher, distributor, etc. IVP Academic,
Date of publication, distribution, etc. c2010.
300 ## - PHYSICAL DESCRIPTION
Extent 188 p. ;
Dimensions 23 cm.
336 ## - CONTENT TYPE
Content type term text
Content type code txt
Source rdacontent
337 ## - MEDIA TYPE
Media type term unmediated
Media type code n
Source rdamedia
338 ## - CARRIER TYPE
Carrier type term volume
Carrier type code nc
Source rdacarrier
504 ## - BIBLIOGRAPHY, ETC. NOTE
Bibliography, etc Includes bibliographical references (p. [185]-186) and index.
505 00 - FORMATTED CONTENTS NOTE
Title Exploring the drama of Ephesians --
-- Some mysterious actors on the stage --
-- Transforming the imagination --
-- God's victory over the powers --
-- Embodying God's victory as an apostle --
-- Empowering subversive performances --
-- Performing the divine warrior --
-- Conclusion : the drama of Ephesians : Christ, the powers and the subversive people of God.
520 ## - SUMMARY, ETC.
Summary, etc. Timothy Gombis has rediscovered Ephesians as a deeply dramatic text that follows the narrative arc of the triumph of God in Christ. Here Paul invites the church to celebrate and participate in this divine victory over the powers of this present age. In Gombis's dramatic reading of Ephesians we are drawn into a theological and cultural engagement with this epochal story of redemption.--From publisher description
630 00 - SUBJECT ADDED ENTRY--UNIFORM TITLE
Uniform title Bible.
Name of part/section of a work Ephesians
General subdivision Criticism, interpretation, etc.
650 #0 - SUBJECT ADDED ENTRY--TOPICAL TERM
Topical term or geographic name as entry element Drama
General subdivision Religious aspects
-- Christianity.
906 ## - LOCAL DATA ELEMENT F, LDF (RLIN)
a 7
b cbc
c orignew
d 1
e ecip
f 20
g y-gencatlg
936 ## - OCLC/CONSER MISCELLANEOUS DATA (OCLC); PIECE USED FOR CATALOGING (pre-AACR2) (RLIN)
OCLC control number(s) of parallel record(s) (OCLC); Piece used for cataloging, PUC (RLIN) PR 698593339
942 ## - ADDED ENTRY ELEMENTS (KOHA)
Source of classification or shelving scheme Library of Congress Classification
Koha item type General Collection
Holdings
Withdrawn status Lost status Source of classification or shelving scheme Not for loan Home library Current library Shelving location Date acquired Source of acquisition Inventory number Total Checkouts Full call number Barcode Date last seen Copy number Price effective from Koha item type
    Library of Congress Classification   Kabarak, Main Campus Kabarak, Main Campus General Stacks 02/12/2025 Donation 2025/2340   BS2695.52 .G66 2010 C.1 39430 02/12/2025 C.1 02/12/2025 General Collection
Designed with assistance from East African Informatics Ltd